| 000 | 01973nam a2200325 a 4500 | ||
|---|---|---|---|
| 001 | ebr10542530 | ||
| 003 | CaPaEBR | ||
| 006 | m u | ||
| 007 | cr cn||||||||| | ||
| 008 | 110913s2012 njua sb 001 0 eng d | ||
| 010 | _z 2011038412 | ||
| 020 | _z9780470936863 (hardback) | ||
| 020 | _z9781118229125 (e-book) | ||
| 040 |
_aCaPaEBR _cCaPaEBR |
||
| 035 | _a(OCoLC)787849820 | ||
| 050 | 1 | 4 |
_aTK5102.9 _b.R4325 2012eb |
| 082 | 0 | 4 |
_a621.382/2078 _223 |
| 100 | 1 |
_aReay, Donald _q(Donald S.) |
|
| 245 | 1 | 0 |
_aDigital signal processing and applications with the OMAP-L138 eXperimenter _h[electronic resource] / _cDonald Reay. |
| 260 |
_aHoboken, N.J. : _bWiley, _cc2012. |
||
| 300 |
_axvii, 340 p. : _bill. |
||
| 504 | _aIncludes bibliographical references and index. | ||
| 520 |
_a"This is the most comprehensive text available on hands-on teaching of Digital Signal Processing, and the first book to feature the new floating point DSP development system to be promoted by the Texas Instruments University Program: the OMAP L138 eXperimenter and CCS v4 (which replaces the C6713DSK). Using a practical approach, the book provides a large number of real-time example programs that use actual input and output signals and give visible and audible results. It is an excellent teaching aid for professors wishing to teach DSP via laboratory experiments and for students or engineers wishing to study DSP using the inexpensive OMAP L138 eXperimenter"-- _cProvided by publisher. |
||
| 533 |
_aElectronic reproduction. _bPalo Alto, Calif. : _cebrary, _d2011. _nAvailable via World Wide Web. _nAccess may be limited to ebrary affiliated libraries. |
||
| 650 | 0 |
_aSignal processing _xDigital techniques _xExperiments. |
|
| 650 | 0 |
_aMicroprocessors _xExperiments. |
|
| 655 | 7 |
_aElectronic books. _2local |
|
| 710 | 2 | _aebrary, Inc. | |
| 856 | 4 | 0 |
_uhttp://site.ebrary.com/lib/rucke/Doc?id=10542530 _zAn electronic book accessible through the World Wide Web; click to view |
| 999 |
_c135815 _d135815 |
||